Alfred Hitchcock Movies - Statistics

General Stats
  • This quiz has been taken 976 times
    214 since last reset
  • The average score is 10 of 19
Answer Stats
Clue Movie % Correct
Motel owner Norman Bates has a double personality Psycho
99%
The inhabitants of Bodega Bay are inexplicably attacked by flying creatures The Birds
97%
San Francisco detective is afraid of heights Vertigo
91%
Wheelchair-bound photographer is spying on his neighbours Rear Window
83%
Man mistaken for a spy gets attacked by a crop duster North by Northwest
79%
Deceived husband plans to commit the perfect murder on his wife Dial M for Murder
62%
Recently-married woman is bullied by her new husband's housekeeper Rebecca
62%
Two students hide a corpse in their apartment before having guests over for dinner Rope
61%
Murderer blackmails a professional tennis player to kill the former's father Strangers on a Train
50%
On the French Riviera, a retired thief is wrongfully accused of robbery To Catch a Thief
47%
While on holiday in Marrakesh, a couple have their son kidnapped The Man Who Knew too Much
44%
Mentally deranged woman changes identity every time she steals Marnie
40%
German girl falls in love with an American agent she spies on Notorious
35%
Eight survivors of a ship bombing gather inside a small craft Lifeboat
34%
Pursued man has to prove his innocence for a murder he didn't commit The 39 Steps
33%
Young woman begins to suspect her beloved uncle may be a serial killer Shadow of a Doubt
28%
Irresponsible gambler is suspected to be an assassin by his wife Suspicion
28%
Harry is found dead in the forest. What happened? The Trouble with Harry
28%
Another pursued man is arrested for a bunch of hold-ups he didn't commit The Wrong Man
21%
No matching quizzes found
Score Distribution
Percent of People with Each Score
Percentile by Number Answered
Your Score History
You have not taken this quiz since the last reset